000
00294nam a22001217a 4500
999
_c
263361
_d
263360
020
_a
9780545299497
100
_a
Mary Pope Osborne
245
_a
Moonlight on the Magic Flute.
260
_a
New York
_b
Scholastic Inc
_c
2009
300
_a
106pgs
_b
ill
490
_a
Magic Tree House
942
_c
BK